Về chủ nghĩa quan liêu /

Đã lưu trong:
書目詳細資料
主要作者: Lê-nin, V. I.
其他作者: Xta-lin, I. V.
格式: Sách giấy
語言:Vietnamese
出版: H. : Sự thật, 1978.
標簽: 添加標簽
沒有標簽, 成為第一個標記此記錄!
Thư viện lưu trữ: Thư viện Trường Đại học Đà Lạt
LEADER 00656nam a2200289 4500
001 DLU130156232
005 ##20131105
040 # # |a DLU  |b vie 
041 # # |a vie 
044 # # |a vn 
082 # # |a 364.168  |b LE-V 
100 # # |a Lê-nin, V. I. 
245 # # |a Về chủ nghĩa quan liêu /  |c V. I. Lê-nin, I. V. Xta-lin. 
260 # # |a H. :  |b Sự thật,  |c 1978. 
300 # # |a 160 tr. ;  |c 19 cm. 
700 # # |a Xta-lin, I. V. 
923 # # |a TL 
991 # # |a SH 
992 # # |a 0,55 
994 # # |a DLU 
900 # # |a True 
911 # # |a Nguyễn Thị Tưởng 
925 # # |a G 
926 # # |a A 
927 # # |a SH 
980 # # |a Thư viện Trường Đại học Đà Lạt